Statistiques concernant Noms complets des pays

Cliquez ici pour prendre le quiz!

Statistiques générales

  • Ce quiz a été pris 34 fois
  • Le résultat moyen est 12 sur 86

Statistiques - réponses

Nom abrégéArticleNom completD'après (organisation)% Correct
France(la)République françaiseUE
100%
Allemagne(la)République fédérale d'AllemagneUE
45%
Albanie(la)République d'AlbanieUE
42%
Belgique(le)Royaume de BelgiqueUE
39%
Andorre(la)Principauté d'AndorreLarousse
32%
Biélorussie(la)République de BiélorussieUE
32%
Chine(la)République Populaire de ChineNom autoproclamé traduit
32%
Australie(le)Commonwealth d'AustralieUE (des noms alternatifs existent)
26%
Corée du Sud(la)République de CoréeNom autoproclamé traduit
23%
Oman(le)Sultanat d'OmanNom autoproclamé traduit
("l'Oman" d'après l'Organisation
Internationale du Travail)
23%
Micronésie(les)États fédérés de MicronésieONU (nom non usité par l'UE)
19%
États-Unis(les)États-Unis d'AmériqueONU
19%
Taïwan(la)République de ChineNom autoproclamé traduit
19%
Chypre(la)République de ChypreUE
19%
Danemark(le)Royaume de DanemarkUE
19%
Danemark(le)Royaume du DanemarkONU
19%
Royaume-Uni(le)Royaume-Uni de Grande-Bretagne et d'Irlande du NordONU (non reconnu par l'UE)
19%
Dominique(le)Commonwealth de DominiqueUE (des noms alternatifs existent)
16%
Mexique(les)États-Unis du MexiqueONU
16%
Monaco(la)principauté de MonacoPetit Robert
16%
Finlande(la)République de FinlandeUE
16%
Saint-Marin(la)République de Saint-MarinPetit Robert
16%
Bélarus(la)République du BélarusONU
16%
Corée du Nord(la)République populaire démocratique de CoréeNom autoproclamé traduit
16%
Afghanistan(l')Émirat Islamique d'AfghanistanNom autoproclamé traduit
13%
Érythrée(l')État d'ÉrythréeUE
13%
Israël(l')État d'IsraëlNom autoproclamé traduit
13%
Bolivie(l')État plurinational de BolivieONU (des noms alternatifs existent)
13%
Mexique(les)États-Unis mexicainsUE
13%
Liechtenstein(la)Principauté du LiechtensteinONU
13%
(Île) Maurice(la)République de MauricePetit Robert
13%
Brésil(la)République fédérative du BrésilNom autoproclamé traduit
13%
Turquie (ancien nom)(la)République turqueONU (avant mai 2022)
13%
Qatar(l')État du QatarNom autoproclamé traduit
10%
Saint-Christophe-et-Niévès(la)Fédération de Saint-Christophe-et-NiévèsUE (l'ONU utilise l'appellation
Saint-Kitts-et-Névis)
10%
Émirats arabes unis(la)fédération des Émirats arabes unisPetit Robert
10%
Luxembourg(le)Grand-Duché de LuxembourgUE, ONU (des noms autoproclamés existent)
10%
Liechtenstein(la)Principauté de LiechtensteinUE (et Suisse)
10%
Égypte(la)République arabe d'ÉgypteNom autoproclamé traduit
10%
Syrie(la)République arabe syrienneONU (non reconnu par l'UE)
10%
Venezuela(la)République bolivarienne du VenezuelaUE et ONU (sans accents)
10%
Salvador(la)République d'El SalvadorUE
("l'El Salvador" en forme abrégée pour l'UE;
"El Salvador" utilisé
systématiquement par l'ONU;
"la République du Salvador"
pour la Comission nationale de toponymie)
10%
Turquie(la)République de TurquieUE
10%
Yémen(la)République du YémenPetit Robert
10%
Zimbabwe(la)République du ZimbabwéPetit Robert
10%
Nigéria(la)République fédérale du NigériaONU (sans accent aigu pour l'UE)
10%
Gabon(la)République gabonaise
10%
Grèce(la)République helléniqueUE
10%
Mauritanie(la)République islamique de MauritanieNom autoproclamé traduit
10%
Iran(la)République islamique d'IranNom autoproclamé traduit
10%
Pakistan(la)République islamique du PakistanNom autoproclamé traduit
10%
Liban(la)République libanaiseNom autoproclamé traduit
10%
Tonga(le)Royaume des TongaNom autoproclamé traduit
10%
Lesotho(le)Royaume du LesothoPetit Robert
10%
Jordanie(le)Royaume hachémite de JordanieNom autoproclamé traduit
10%
Brunei(le)Brunéi DarussalamONU (des noms alternatifs existent)
6%
Libye(l')État de LibyeUE, ONU (des noms alternatifs existent)
6%
Papouasie-Nouvelle-Guinée(l')État indépendant de Papouasie-Nouvelle-GuinéeONU (orthographié
Papouasie - Nouvelle-Guinée par l'UE)
6%
Samoa(l')État indépendant du SamoaUE, ONU (des noms alternatifs existent)
6%
Libye (nom sous Kadhafi)(la)Jamahiriya Arabe LibyenneNom autoproclamé traduit
6%
Algérie(la)République algérienne démocratique et populaireUE (des noms alternatifs existent)
6%
Équateur(la)République de l'ÉquateurUE (des noms alternatifs existent)
6%
Inde(la)République de l'IndeNom autoproclamé traduit
6%
Birmanie/Myanmar(la)République de l'Union du MyanmarONU (des noms alternatifs existent)
6%
Sao Tomé-et-Principe(la)République démocratique de Sao Tomé-et-PrincipeUE, ONU (forme "São Tomé et Príncipe"
utilisée par Larousse
6%
=Timor-Leste(la)République démocratique du Timor-LesteONU
6%
Timor-Oriental(la)République démocratique du Timor-OrientalUE
6%
Éthiopie(la)République démocratique fédérale d'ÉthiopieUE
6%
Népal(la)République démocratique fédérale du NépalUE
6%
(le) Sri Lanka(la)République démocratique socialiste du Sri LankaLarousse
6%
Moldavie(la)République de MoldovaONU (nom non usité par l'UE)
6%
Fidji(la)République des FidjiUE
6%
Fidji(la)République des Îles FidjiONU
6%
Türkiye(la)République de TürkiyeAutoproclamé (reconnue comme
"Türkiye" à l'ONU)
6%
Irak(la)République d'IraqUE, ONU (des noms alternatifs existent)
6%
Éthiopie(la)République fédérale démocratique d'ÉthiopieONU
6%
Népal(la)République fédérale démocratique du NépalONU
6%
Somalie(la)République fédérale de SomalieUE, ONU (des noms alternatifs existent)
6%
Uruguay(la)République orientale de l'UruguayNom autoproclamé traduit
6%
Bangladesh(la)République populaire du BangladeshNom autoproclamé traduit
6%
Sri Lanka (sans article)(la)République socialiste démocratique de Sri LankaUE, ONU
6%
Chypre du Nord(la)République turque de Chypre du NordNom autoproclamé traduit
(Non reconnu par l'UE et l'ONU)
6%
Tanzanie(la)République-Unie de TanzanieONU (n'utilise pas la forme abrégée)
6%
Tanzanie(la)République unie de TanzanieUE
6%
Guyana(la)République coopérative du GuyanaUE, ONU (des noms alternatifs existent)
3%
Laos(la)République populaire démocratique laoONU (l'UE ne reconnaît pas ce nom)
3%

Distribution des résultats

Percentile par nombre de réponses

% des personnes avec chaque résultat

Votre développement - résultats

Vous n’avez pas pris ce quiz